00331nam a2200121Ia 4500008004100000100003000041245005700071260003900128300000800167650001000175942000700185999001700192190216s9999||||xx |||||||||||||| ||und|| aDr.Lakshmi Shankar Mishra 0aHindi-Jagannatha Prasad Manya Kavi Chandra Prabhakar bUthar Pradesh Hindi Samsthanc2009 a320 aHindi cBK c16868d16868